000 00340nam a2200145Ia 4500
008 150301s2012 xx 000 0 und d
082 _a611
_bB12C
100 _aCHUNG, KYUNG WON
245 _aBRS GROSS ANATOMY
250 _a7TH
260 _bWOLTERS KLUWER
_aINDIA
_c2012
300 _a490
650 _aHUMAN ANATOMY
942 _2ddc
_cBK
_05
999 _c6710
_d6710